Seperti keju & coklat / (No. rekod 1808)

000 -LEADER
fixed length control field 01853nam a2200205 a 4500
003 - CONTROL NUMBER IDENTIFIER
control field KPN
005 - DATE AND TIME OF LATEST TRANSACTION
control field 20260413161623.0
008 - FIXED-LENGTH DATA ELEMENTS--GENERAL INFORMATION
fixed length control field 20260413b 00| 0 my d
020 ## - INTERNATIONAL STANDARD BOOK NUMBER
International Standard Book Number 9789675783357
Terms of availability RM16.00
Qualifying information paperback
040 ## - CATALOGING SOURCE
Transcribing agency KPN
082 04 - DEWEY DECIMAL CLASSIFICATION NUMBER
Classification number BM FD ROS 2010
Edition number 23
090 00 - LOCALLY ASSIGNED LC-TYPE CALL NUMBER (OCLC); LOCAL CALL NUMBER (RLIN)
Classification number (OCLC) (R) ; Classification number, CALL (RLIN) (NR) BM FD ROS 2010
Local cutter number (OCLC) ; Book number/undivided call number, CALL (RLIN) ROS
100 0# - MAIN ENTRY--PERSONAL NAME
Personal name Rose Harissa,
Dates associated with a name 1977-
245 10 - TITLE STATEMENT
Title Seperti keju & coklat /
Statement of responsibility, etc. Rose Harissa
260 ## - PUBLICATION, DISTRIBUTION, ETC.
Place of publication, distribution, etc. Batu Caves, Selangor :
Name of publisher, distributor, etc. PTS Litera Utama,
Date of publication, distribution, etc. 2010
300 ## - PHYSICAL DESCRIPTION
Extent 261ms. ;
Dimensions 19cm.
521 ## - TARGET AUDIENCE NOTE
Target audience note Siapa sangka keju dan coklat dapat 'bersatu' dalam hidangan pisang? Begitulah kisah Aqil dan Raisya. Safiy Aqil yang pernah menghidap Sindrom Asperger menuntut di UTM. Dia suka memencilkan diri dan tidak bergaul dengan sesiapa. Siapa sangka, abang tirinya, Rafa'e belajar di tempat yang sama, dalam jurusan yang sama. Rafa'e bukan sahaja menabur fitnah terhadap Aqil di hadapan Raisya malah di hadapan ayah mereka, Dato' Hamdan sehingga Dato' Hamdan membenci Aqil sekeluarga. Pada semester ini, sudah tiga kali Aqil mengulang subjek yang sama. Pada semester ini juga, dia 'terpaksa' berkenalan dengan Raisya.<br/><br/>Raisya berjaya mengubah Aqil, dari seorang yang pendiam dan lokek senyuman, kini Raisya berjaya membuatkan Aqil menguntum senyuman. Aqil juga kembali bersemangat untuk menamatkan pengajiannya. Siapa sangka, hujan di tengah hari. Ada seseorang mengoyak lukisan AutoCad Raisya pada hari penilaian. Lukisan Aqil turut sama dikoyak. Angkara siapakah ini?<br/><br/>Aqil ibarat sudah jatuh ditimpa tangga. Hanya kerana kehilangan handset, Aqil lewat menerima berita kematian ibunya. Aqil ditimpa kemalangan. Namun, kemalangan itu membongkar segala kejahatan Rafa'e dan ibunya. Raisya setia menemani dan memberikan sokongan moral kepada Aqil. Akhirnya keju (Aqil) dan coklat (Raisya) bersatu dalam perhubungan jarak jauh.
650 10 - SUBJECT ADDED ENTRY--TOPICAL TERM
Topical term or geographic name entry element Malay fiction
942 ## - ADDED ENTRY ELEMENTS (KOHA)
Source of classification or shelving scheme
Koha item type Book
Suppress in OPAC No
Pemilik
Withdrawn status Lost status Source of classification or shelving scheme Damaged status Not for loan Collection code Home library Current library Shelving location Date acquired Total Checkouts Full call number Barcode Date last seen Price effective from Koha item type
          Fiction Perpustakaan Kementerian Perpaduan Malaysia Perpustakaan Kementerian Perpaduan Malaysia Fiction Rack 13/04/2026   BM FD ROS 2010 KPN26040042 13/04/2026 13/04/2026 Book